| 000 | 00655nam a2200205 i 4500 | ||
|---|---|---|---|
| 001 | 78666 | ||
| 003 | ES-MaACL | ||
| 005 | 20250605154043.0 | ||
| 007 | t| | ||
| 008 | 041015s1955 sp ||||1| spa d | ||
| 100 | 1 |
_aHecht, Ben. _962269 |
|
| 245 | 1 | 5 |
_a¡Los actores son un asco! / _cBen Hecht ; [traducción del inglés por Eduardo de Guzmán]. |
| 260 |
_aMadrid : _bAguilar, _c1955 ( _fNarto) |
||
| 300 |
_a407 p., 1 lám. : _bretr. aut. ; _c12 cm. |
||
| 490 | 1 |
_aCrisol ; _v220 bis |
|
| 700 | 1 |
_aGuzmán, Eduardo de, _d1908-1991 _961283 |
|
| 830 | 0 |
_aCrisol ; _v220 bis _9180848 |
|
| 852 |
_aES-MaACL _jC-10147 _bR.37539 |
||
| 999 |
_c78666 _d78666 |
||